L'humor a la Barcelona del noucents / (Record no. 187721)
[ view plain ]
| 000 -LEADER | |
|---|---|
| campo de control de longitud fija | 00643nam a2200193 i 4500 |
| 001 - NÚMERO DE CONTROL | |
| campo de control | 187721 |
| 003 - IDENTIFICADOR DE NÚMERO DE CONTROL | |
| campo de control | ES-MaACL |
| 005 - FECHA Y HORA DE LA ÚLTIMA TRANSACCIÓN | |
| campo de control | 20250822095027.0 |
| 008 - DATOS DE LONGITUD FIJA--INFORMACIÓN GENERAL | |
| campo de control de longitud fija | 180205s1949 sp |||| | cat d |
| 245 00 - MENCIÓN DEL TÍTULO | |
| Título | L'humor a la Barcelona del noucents / |
| Mención de responsabilidad, etc. | il.lustracions inèdites de Xavier Nogués ; selecció de Miquel Llor ; preàmbul de Francesc Pujols. |
| 260 ## - PUBLICACIÓN, DISTRIBUCIÓN, ETC. | |
| Lugar de publicación, distribución, etc. | Barcelona : |
| Nombre del editor, distribuidor, etc. | Aymà, |
| Fecha de publicación, distribución, etc. | 1949. |
| 300 ## - DESCRIPCIÓN FÍSICA | |
| Extensión | 245 p. : |
| Otras características físicas | il. ; |
| Dimensiones | 25 cm. |
| 650 07 - PUNTO DE ACCESO ADICIONAL DE MATERIA--TÉRMINO DE MATERIA | |
| Término de materia o nombre geográfico como elemento de entrada | Humor |
| Fuente del encabezamiento o término | embne |
| 9 (RLIN) | 13508 |
| 700 0# - ENTRADA AGREGADA--NOMBRE PERSONAL | |
| Nombre de persona | Nogués, Xavier. |
| 9 (RLIN) | 85890 |
| 700 0# - ENTRADA AGREGADA--NOMBRE PERSONAL | |
| Nombre de persona | Llor, Miquel. |
| 9 (RLIN) | 72849 |
| 700 0# - ENTRADA AGREGADA--NOMBRE PERSONAL | |
| Nombre de persona | Pujols, Francesc. |
| 9 (RLIN) | 94360 |
| 852 ## - LOCALIZACIÓN | |
| Ubicación | ES-MaACL |
| Número de control de estantería | D-7178 |
| Estatus retirado | Estado de pérdida | Estado de daño | No para préstamo | Biblioteca de origen | Biblioteca actual | Ubicación en estantería | Fecha de adquisición | Fuente de adquisición | Total de préstamos | Signatura topográfica completa | Código de barras | Visto por última vez | Precio de reemplazo | Tipo de ítem Koha |
|---|---|---|---|---|---|---|---|---|---|---|---|---|---|---|
| Biblioteca del Ateneo de Madrid | Biblioteca del Ateneo de Madrid | Sala Valle Inclán | 05/02/2018 | D-7178 | 901198310 | 23/02/2023 | 23/02/2023 | Libro impreso |
